| 000 | 00559nam a22001937a 4500 | ||
|---|---|---|---|
| 003 | CEME | ||
| 005 | 20210628201815.0 | ||
| 008 | 210208b xxu||||| |||| 00| 0 eng d | ||
| 020 | _a81-203-0653-8 | ||
| 040 | _c. | ||
| 082 | _a610.28 CRO | ||
| 100 |
_aCromwell, Leslie ,Weibell, Fred J ,Pfeiffer, Erich A _956911 |
||
| 245 | _aBiomedical instrumentation and measurements | ||
| 250 | _a2ND | ||
| 260 |
_aNEW DELHI _bPRENTICE HALL OF INDIA _c2004 |
||
| 300 | _aXVI,509P | ||
| 650 |
_aBIOMEDICAL INSTRUMENTATION AND MEASUREMENTS _956912 |
||
| 942 |
_cBK _2ddc |
||
| 999 |
_c567232 _d567232 |
||